[Event "Stockholm Elo Challenge"]
[Site "Stockholm"]
[Date "2019.06.02"]
[Round "7"]
[White "Bergqvist, Gustav"]
[Black "Pettersson, Alexander"]
[Result "0-1"]
[WhiteElo "1751"]
[BlackElo "2045"]
[PlyCount "99"]
[EventDate "2019.05.29"]
[EventType "swiss"]
[EventRounds "7"]
[EventCountry "SWE"]
[SourceTitle "CBM 190 Extra"]
[Source "ChessBase"]
[SourceDate "2019.07.15"]
[SourceVersion "1"]
[SourceVersionDate "2019.07.15"]
[SourceQuality "1"]

1. d4 d5 2. Nf3 Nf6 3. e3 c5 4. b3 cxd4 5. exd4 Nc6 6. Bb2 Bg4 7. Nbd2 e6 8. Be2 Qb6 9. 0-0 Rc8 10. Rc1 Bd6 11. c4 Bb8 12. cxd5 exd5 13. Ne5 Bxe2 14. Qxe2 0-0 15. Nxc6 Rxc6 16. Nf3 Re6 17. Qd3 Qd6 18. g3 Ne4 19. Nh4 Rf6 20. Rc2 Qd7 21. f3 Nxg3 22. Rff2 Qh3 23. hxg3 Bxg3 24. Rh2 Bxh2+ 25. Rxh2 Qg3+ 26. Ng2 Rg6 27. Qe2 Rc8 28. Rh5 h6 29. Rxd5 Kh7 30. Rc5 Rd8 31. Qf2 Qh3 32. Re5 f6 33. Re7 Rd5 34. Re2 Rdg5 35. f4 Rh5 36. Kf1 Qg4 37. Ke1 Rh2 38. d5 Qd7 39. Qf3 Rh1+ 40. Kd2 Rh3 41. Qe4 f5 42. Qe5 Rd6 43. Ne3 Rxe3 44. Qxe3 Rxd5+ 45. Ke1 Rd1+ 46. Kf2 Qd6 47. Qe5 Qb6+ 48. Re3 Rd2+ 49. Kg3 Qg6+ 50. Kf3 0-1

[Event "Stockholm Elo Challenge"]
[Site "Stockholm"]
[Date "2019.06.01"]
[Round "5"]
[White "Karlsson, Lars"]
[Black "Bergqvist, Gustav"]
[Result "1-0"]
[WhiteElo "2448"]
[BlackElo "1751"]
[PlyCount "51"]
[EventDate "2019.05.29"]
[EventType "swiss"]
[EventRounds "7"]
[EventCountry "SWE"]
[SourceTitle "CBM 190 Extra"]
[Source "ChessBase"]
[SourceDate "2019.07.15"]
[SourceVersion "1"]
[SourceVersionDate "2019.07.15"]
[SourceQuality "1"]

1. b3 d5 2. Bb2 Bg4 3. f3 Bh5 4. e3 Nd7 5. d4 Ngf6 6. Ne2 e6 7. c4 c6 8. Qd2 Bd6 9. Nbc3 Bg6 10. g4 h5 11. g5 Ng8 12. h4 f6 13. Rg1 fxg5 14. Rxg5 Rh6 15. e4 dxe4 16. Nxe4 Bxe4 17. fxe4 g6 18. Nf4 Bxf4 19. Qxf4 Qf6 20. Qe3 Ne7 21. 0-0-0 Qf7 22. Bh3 Rh7 23. d5 cxd5 24. exd5 exd5 25. Rf1 Qg8 26. Be6 1-0